Canadian mining disaster /

Salvato in:
Dettagli Bibliografici
Autore principale: Bassett, Carolyn
Natura: testo
Tags: Aggiungi Tag
Nessun Tag, puoi essere il primo ad aggiungerne!!

MARC

LEADER 00000 a a2200000 04500
001 788
003
040
100 |a Bassett, Carolyn  
245 |a Canadian mining disaster /  |c Carolyn Bassett 
773 |g volumen 19, número 4; páginas 15-17  
999 |c 39539  |d 39539